<?xml version="1.0" encoding="UTF-8"?>
<record
    xmlns:xsi="http://www.w3.org/2001/XMLSchema-instance"
    xsi:schemaLocation="http://www.loc.gov/MARC21/slim http://www.loc.gov/standards/marcxml/schema/MARC21slim.xsd"
    xmlns="http://www.loc.gov/MARC21/slim">

  <leader>00860nam2a22002051  4500</leader>
  <controlfield tag="001">RU\NLR\A1SV\80921</controlfield>
  <controlfield tag="005">20251203152403.2</controlfield>
  <datafield tag="035" ind1=" " ind2=" ">
    <subfield code="a">(NLR Aleph) 009762362</subfield>
  </datafield>
  <datafield tag="090" ind1=" " ind2=" ">
    <subfield code="a">13483443</subfield>
    <subfield code="c">13483443</subfield>
  </datafield>
  <datafield tag="100" ind1=" " ind2=" ">
    <subfield code="a">20070712d1927    u  y0rusy50      ca</subfield>
  </datafield>
  <datafield tag="101" ind1="0" ind2=" ">
    <subfield code="a">rus</subfield>
  </datafield>
  <datafield tag="200" ind1="0" ind2=" ">
    <subfield code="a">&#x422;.2</subfield>
    <subfield code="f">&#x41F;&#x435;&#x440;. &#x441; &#x43D;&#x435;&#x43C;. &#x412;. &#x438; &#x421;. &#x426;&#x435;&#x434;&#x435;&#x440;&#x431;&#x430;&#x443;&#x43C;</subfield>
  </datafield>
  <datafield tag="210" ind1=" " ind2=" ">
    <subfield code="d">1927</subfield>
  </datafield>
  <datafield tag="215" ind1=" " ind2=" ">
    <subfield code="a">294, [2] &#x441;.</subfield>
  </datafield>
  <datafield tag="461" ind1=" " ind2="1">
    <subfield code="1">001RU\NLR\A1SV\80780</subfield>
    <subfield code="1">2000#$a&#x418;&#x441;&#x442;&#x43E;&#x440;&#x438;&#x44F; &#x430;&#x43C;&#x435;&#x440;&#x438;&#x43A;&#x430;&#x43D;&#x441;&#x43A;&#x438;&#x445; &#x43C;&#x438;&#x43B;&#x43B;&#x438;&#x430;&#x440;&#x434;&#x435;&#x440;&#x43E;&#x432;$f&#x413;&#x443;&#x441;&#x442;&#x430;&#x432; &#x41C;&#x430;&#x439;&#x435;&#x440;&#x441;$g&#x41F;&#x435;&#x440;. &#x441; &#x43D;&#x435;&#x43C;. &#x421;.&#x41E;.&#x426;&#x435;&#x434;&#x435;&#x440;&#x431;&#x430;&#x443;&#x43C;$v&#x422;.2</subfield>
    <subfield code="1">700#1$a&#x41C;&#x430;&#x439;&#x435;&#x440;&#x441;$b&#x413;.$g&#x413;&#x443;&#x441;&#x442;&#x430;&#x432;</subfield>
    <subfield code="9">10023476</subfield>
    <subfield code="a">&#x41C;&#x430;&#x439;&#x435;&#x440;&#x441;, &#x413;.</subfield>
    <subfield code="c">&#x41C;.</subfield>
    <subfield code="d">1924-1927</subfield>
    <subfield code="f">&#x413;&#x443;&#x441;&#x442;&#x430;&#x432; &#x41C;&#x430;&#x439;&#x435;&#x440;&#x441;</subfield>
    <subfield code="n">&#x413;&#x43E;&#x441;. &#x438;&#x437;&#x434;.</subfield>
    <subfield code="t">&#x418;&#x441;&#x442;&#x43E;&#x440;&#x438;&#x44F; &#x430;&#x43C;&#x435;&#x440;&#x438;&#x43A;&#x430;&#x43D;&#x441;&#x43A;&#x438;&#x445; &#x43C;&#x438;&#x43B;&#x43B;&#x438;&#x430;&#x440;&#x434;&#x435;&#x440;&#x43E;&#x432;</subfield>
    <subfield code="v">&#x422;.2</subfield>
  </datafield>
  <datafield tag="801" ind1=" " ind2="0">
    <subfield code="a">RU</subfield>
    <subfield code="b">NLR</subfield>
    <subfield code="c">20070712</subfield>
  </datafield>
  <datafield tag="942" ind1=" " ind2=" ">
    <subfield code="c">BOOK</subfield>
  </datafield>
  <datafield tag="980" ind1=" " ind2=" ">
    <subfield code="a">A1SV</subfield>
  </datafield>
  <datafield tag="980" ind1=" " ind2=" ">
    <subfield code="a">NB</subfield>
  </datafield>
</record>
